| 000 | 00740nam a2200229Ia 4500 | ||
|---|---|---|---|
| 005 | 20230320102626.0 | ||
| 008 | 131103s9999 xx 000 0 und d | ||
| 020 | _cRs.20.00 | ||
| 040 | _aLoreto College | ||
| 041 | _aEnglish | ||
| 082 |
_a891.441 _bCHA |
||
| 100 | _aChattopadhyay, Bankimchandra | ||
| 245 |
_aGadyo,padyo ba kabita pustak _cBankimchandra Chattopadhyay;edited by Brajendranath Bandopadhyay & Sajanikanto Das |
||
| 250 | _a3rd ed. | ||
| 260 |
_aKolkata _bBangiyo Sahitya Parishad _c2010 |
||
| 300 | _a106p. | ||
| 504 | _a1856 khristabde 'Lalita o Manas' o 1878 khristabde 'Kabitapustak' pratham mudrito | ||
| 650 | _aBengali poetry | ||
| 700 | _aBandopadhyay,Brajendranath,ed. | ||
| 850 | _aLCLIB | ||
| 942 | _cBK | ||
| 999 |
_c37972 _d88451 |
||